00410nam a2200121 a 450000100100000000500170001000800410002704000250006810000290009324500770012226000690019930000200026800003297120200930065939.0110804s19uu dr 000 0 spa d aDO-SdBNPbspacBNPHU1 aGarcía Alardo, Hernani10aChopin :bestudio biográfico-apologético /cHernani García Alardo. cCiudad Trujillo, República Dominicana :bPol Hermano,c[194?]. a53 p. ;c21 cm.